000 00761nam a22002417a 4500
005 20260404120926.0
008 260404b |||||||| |||| 00| 0 eng d
020 _a9780074622100
040 _cAL
041 _aEnglish
082 _a515.6
_bKRIK
100 _aC S Krishnamoorthy
_9260203
245 _aFinite element analysis
_b: theory and programming
250 _a2.
260 _aChennai
_bMcGraw Hill Education (India) Private Limited
_c2018
300 _axvi,710p.
_bPB
_c22.5x15cm.
365 _aVBI-2645
_b₹667.50
_c
_d₹890.00
_e25%
_f20-02-2026
650 _aFinite Element Analysis
_9260204
650 _aSolid Mechanics
_9260205
650 _aStructural Analysis
_9260206
650 _aComputational Mechanics
_9260207
942 _2ddc
_cBK
999 _c241124
_d241124